[Event "Titled Tuesday intern op 27th Feb Late"]
[Site "Chess.com INT"]
[Date "2024.02.27"]
[Round "4"]
[White "Meduri, Aakaash"]
[Black "Thomforde Toates, Noah"]
[Result "0-1"]
[WhiteElo "1989"]
[BlackElo "2124"]
[PlyCount "76"]
[EventDate "2024.02.27"]
[EventType "swiss (blitz)"]
[EventRounds "11"]
[EventCountry "USA"]
[SourceTitle "CB10_2024"]
[SourceDate "2024.03.06"]
[SourceVersion "1"]
[SourceVersionDate "2024.03.06"]
[SourceQuality "1"]

1. c4 Nf6 2. g3 g6 3. Bg2 Bg7 4. Nc3 0-0 5. e4 d6 6. Nge2 c5 7. 0-0 Nc6 8. d3 Ne8 9. Be3 e5 10. Qd2 Nc7 11. Bh6 Ne6 12. Nd5 f5 13. Bxg7 Kxg7 14. exf5 gxf5 15. f4 Ned4 16. Nec3 Be6 17. Rae1 Bxd5 18. Bxd5 Rc8 19. Kh1 a6 20. Qg2 Rc7 21. g4 fxg4 22. Qxg4+ Kh8 23. Rg1 Nf5 24. fxe5 Nxe5 25. Rxe5 dxe5 26. Ne4 Rg7 27. Qd1 Ne3 28. Qh5 Rxg1+ 29. Kxg1 Nxd5 30. cxd5 Qxd5 31. Qh6 Qg8+ 32. Ng3 Qg7 33. Qd6 h5 34. Qe6 h4 35. Qh3 Qg5 36. b3 Qe3+ 37. Kh1 Qe1+ 38. Kg2 Rf2# 0-1

[Event "Titled Tuesday intern op 13th Feb Late"]
[Site "Chess.com INT"]
[Date "2024.02.13"]
[Round "7"]
[White "Meduri, Aakaash"]
[Black "Amigo Quintana, Antu"]
[Result "1-0"]
[WhiteElo "1989"]
[BlackElo "2040"]
[PlyCount "67"]
[EventDate "2024.02.13"]
[EventType "swiss (blitz)"]
[EventRounds "11"]
[EventCountry "USA"]
[SourceTitle "CB08_2024"]
[SourceDate "2024.02.21"]
[SourceVersion "1"]
[SourceVersionDate "2024.02.21"]
[SourceQuality "1"]

1. b4 e5 2. Bb2 d6 3. e3 g6 4. Nf3 Bg7 5. Be2 Ne7 6. 0-0 0-0 7. d3 h6 8. Nfd2 Be6 9. c4 a5 10. a3 Nd7 11. Nc3 f5 12. Bf3 Ra7 13. g3 axb4 14. axb4 Rxa1 15. Qxa1 b6 16. Bg2 Kh7 17. Qa7 Nc8 18. Qb7 f4 19. Nb5 c5 20. exf4 cxb4 21. Ne4 Nc5 22. Nxc5 dxc5 23. Bxe5 Rf7 24. Qc6 Bf5 25. Bd5 Re7 26. Re1 Bh3 27. Be4 Bf5 28. Bd5 Bh3 29. f3 Bf5 30. Re3 h5 31. Kf2 Kh6 32. d4 cxd4 33. Nxd4 Na7 34. Qa4 1-0

[Event "Titled Tuesday intern op 26th Sep Late"]
[Site "Chess.com INT"]
[Date "2023.09.26"]
[Round "5"]
[White "Do Valle Cardoso, Lucas"]
[Black "Meduri, Aakaash"]
[Result "0-1"]
[WhiteElo "2303"]
[BlackElo "1993"]
[PlyCount "68"]
[EventDate "2023.09.26"]
[EventType "swiss (blitz)"]
[EventRounds "11"]
[EventCountry "USA"]
[SourceTitle "EXT 2024"]
[Source "ChessBase"]
[SourceDate "2023.10.10"]
[SourceVersion "1"]
[SourceVersionDate "2023.10.10"]
[SourceQuality "1"]

1. e4 c5 2. Nf3 d6 3. d4 cxd4 4. Nxd4 Nf6 5. Nc3 g6 6. Be3 Bg7 7. f3 a6 8. Qd2 h5 9. 0-0-0 b5 10. Kb1 Bb7 11. h3 Nbd7 12. Bd3 Rc8 13. g4 Nc5 14. a3 Nxd3 15. Qxd3 Nd7 16. Nd5 Ne5 17. Qe2 Nc4 18. Bc1 hxg4 19. fxg4 e6 20. Nb4 a5 21. Na2 Qb6 22. Nf3 b4 23. axb4 axb4 24. b3 Ba6 25. bxc4 Bxc4 26. Qe3 Bxa2+ 27. Kxa2 Ra8+ 28. Kb3 Ra3+ 29. Bxa3 Qxe3+ 30. Rd3 Qxe4 31. Bxb4 0-0 32. Bxd6 Rc8 33. Rhd1 Qc4+ 34. Ka3 Ra8# 0-1

[Event "Titled Tuesday intern op 25th Apr Late"]
[Site "Chess.com INT"]
[Date "2023.04.25"]
[Round "2"]
[White "Meduri, Aakaash"]
[Black "Kamsky, Gata"]
[Result "0-1"]
[WhiteElo "2061"]
[BlackElo "2665"]
[PlyCount "90"]
[EventDate "2023.04.25"]
[EventType "swiss (blitz)"]
[EventRounds "11"]
[EventCountry "USA"]
[SourceTitle "EXT 2024"]
[Source "ChessBase"]
[SourceDate "2023.10.10"]
[SourceVersion "1"]
[SourceVersionDate "2023.10.10"]
[SourceQuality "1"]

1. d4 Nf6 2. Bf4 g6 3. e3 Bg7 4. h3 d6 5. Nf3 0-0 6. Be2 b6 7. 0-0 Bb7 8. Nbd2 Nbd7 9. Bh2 Re8 10. a4 a6 11. c3 e5 12. Qb3 Ne4 13. Nxe4 Bxe4 14. Nd2 Bb7 15. Bf3 Bxf3 16. Nxf3 Qe7 17. dxe5 dxe5 18. a5 b5 19. Qd5 Nc5 20. Rad1 e4 21. Nd4 Nd3 22. Nc6 Qe6 23. Qxe6 Rxe6 24. Nd4 Ree8 25. Bxc7 Rac8 26. Bd6 Nxb2 27. Rb1 Nd3 28. Bb4 Rc4 29. Rfd1 Bxd4 30. exd4 f5 31. g4 Kf7 32. Rb3 Rec8 33. f3 Ke6 34. Kf1 Kd5 35. fxe4+ fxe4 36. Ke2 Nxb4 37. cxb4 Rc2+ 38. Ke3 R8c3+ 39. Rxc3 Rxc3+ 40. Kf4 Rxh3 41. Rc1 Rf3+ 42. Kg5 e3 43. Kh4 Kxd4 44. g5 e2 45. Re1 Kd3 0-1

[Event "Titled Tuesday intern op 04th Apr Early"]
[Site "Chess.com INT"]
[Date "2023.04.04"]
[Round "1"]
[White "Samunenkov, Igor"]
[Black "Meduri, Aakaash"]
[Result "1-0"]
[WhiteElo "2501"]
[BlackElo "2061"]
[PlyCount "55"]
[EventDate "2023.04.04"]
[EventType "swiss (blitz)"]
[EventRounds "11"]
[EventCountry "USA"]
[SourceTitle "EXT 2024"]
[Source "ChessBase"]
[SourceDate "2023.10.10"]
[SourceVersion "1"]
[SourceVersionDate "2023.10.10"]
[SourceQuality "1"]

1. d4 f5 2. Bg5 h6 3. Bh4 g5 4. Bg3 Nf6 5. e3 Bg7 6. Nc3 d6 7. Bc4 e6 8. h4 g4 9. Nge2 0-0 10. Nf4 Qe8 11. h5 a6 12. a4 Nc6 13. Qd2 Kh7 14. Qe2 e5 15. Ng6 Rf7 16. Bxf7 Qxf7 17. dxe5 dxe5 18. Nxe5 Nxe5 19. Bxe5 Be6 20. 0-0-0 b5 21. e4 f4 22. Nd5 bxa4 23. Nxf6+ Bxf6 24. Bxf6 Qxf6 25. e5 Qf8 26. Qe4+ Kh8 27. Qg6 a3 28. Qxe6 1-0

[Event "Titled Tuesday intern op 7th Mar Late"]
[Site "Chess.com INT"]
[Date "2023.03.07"]
[Round "7"]
[White "Diaz Perez, Michel Alejandro"]
[Black "Meduri, Aakaash"]
[Result "1-0"]
[WhiteElo "2414"]
[BlackElo "2094"]
[PlyCount "91"]
[EventDate "2023.03.07"]
[EventType "swiss (blitz)"]
[EventRounds "11"]
[EventCountry "USA"]
[SourceTitle "EXT 2024"]
[Source "ChessBase"]
[SourceDate "2023.10.10"]
[SourceVersion "1"]
[SourceVersionDate "2023.10.10"]
[SourceQuality "1"]

1. Nf3 d5 2. c4 c6 3. e3 Nf6 4. b3 e6 5. Bb2 Bd6 6. Qc2 0-0 7. Bd3 h6 8. g4 Nxg4 9. Rg1 f5 10. h3 Nf6 11. Nh4 Rf7 12. Ng6 Na6 13. a3 Nc5 14. Be2 Bd7 15. d3 Qe8 16. b4 Na6 17. Ne5 Re7 18. Nd2 Rc8 19. c5 Bb8 20. Ndf3 b6 21. Kd2 bxc5 22. bxc5 Bxe5 23. Nxe5 Rc7 24. Rg2 Bc8 25. Rag1 Kh7 26. Qc3 Qg8 27. Ng6 Rf7 28. Qd4 Nb8 29. Ne5 Nbd7 30. Nxf7 Qxf7 31. Qf4 Rb7 32. Bxf6 Nxf6 33. Qe5 Qf8 34. d4 g5 35. Bd3 Rb2+ 36. Kc1 Rb3 37. Bc2 Rxa3 38. Qc7+ Kg6 39. h4 g4 40. Rxg4+ Nxg4 41. Rxg4+ Kh5 42. Qf4 Qf6 43. Qf3 Rxe3 44. fxe3 fxg4 45. Qxf6 g3 46. Bd1# 1-0